| 000 | 00537nam a22001937a 4500 | ||
|---|---|---|---|
| 003 | URS | ||
| 005 | 20250129201917.0 | ||
| 008 | 250129b |||||||| |||| 00| 0 eng d | ||
| 020 | _a9781629583273 | ||
| 040 | _cURS | ||
| 050 | _aFR LB 1028 .M451 2023 | ||
| 100 |
_4author _aMayan, Maria J. |
||
| 245 | _aEssentials of Qualitative Inquiry / Maria J. Mayan | ||
| 260 | _aNY, New York ; Routledge, 2023 | ||
| 300 | _axvi, 331 p; 25 cm | ||
| 504 | _aIncludes Appendices and Index. | ||
| 650 | _aResearch-methodology | ||
| 942 |
_2lcc _cFR |
||
| 999 |
_c81919 _d81918 |
||